000 00614nam a2200229 i 4500
001 C2-0232288
003 PPAK
005 20180728085446.0
008 010107s1962 enk |||| ||||| | eng d
040 _aPPAK
_beng
_cPPAK
_erda
082 0 4 _a153.42
_223
090 0 0 _a153.42
_bTHO
_dKSI
100 1 _aThouless, Robert H.,
_eauthor
245 1 0 _aStraight and crooked thinking
264 1 _aLondon :
_bPan Books ,
_c1962
300 _a189 pages ;
_c17 cm
336 _2rdacontent
_atext
337 _2rdamedia
_aunmediated
338 _2rdacarrier
_avolume
650 1 0 _aThought and thinking
942 _ddc
_cB
999 _c151511
_d151511